000 00450nam a2200157 4500
001 119422
003 ES-MaACL
005 20230906191319.0
007 t|
008 070214s1932 pl r ||||1| fre d
100 1 _aPilsudski, Jozef.
_992045
245 1 3 _aLa psychologie du prisonnier /
_cJozef Pilsudski.
260 _aVarsovia :
_bZaklady Grafiezne Pracownikow Drukarskich,
_c1932.
300 _a22 p. ;
_c23 cm.
852 _aES-MaACL
_j1774-F-20
999 _c119422
_d119422